000 00806nam a22002775 4500
003 CHAP
005 20220817044339.0
008 100515s1959 usa 000 0
010 _a98414
011 _a99386
035 _a110072
040 _cCHAP
082 0 0 _a551.5 G65
100 1 _aGeiger, Rudolf.
_947401
245 1 4 _aThe climate near the ground
260 _aMassachusetts :
_bHarvard University Press,
_c1959
300 _a494 p. :
_bgráfs.
590 _aBATCH-UPD
_b10
_c20130110
_lUCH01
_h1047
590 _aBATCH-UPD
_b10
_c20130410
_lUCH01
_h0645
590 _aBATCH-UPD
_b10
_c20130914
_lUCH01
_h1534
590 _aCONVERSION
_b10
_c20130109
_lUCH01
_h1354
650 0 4 _aMeteorología.
901 _aBK
942 _cLIBRO
949 _a551.5 G65
_bBC
_cLIBRO
_d33724000240024
_eLIBRO
_i110072
_sb
999 _c98414
_d98414